Digital Transparency in the Public Sector – Case Study Czech Republic

Vyhodnotenie aktuálnej otvorenosti informácií obcí prostredníctvom štruktúrovanej metódy pozorovania prostredníctvom ich webových stránok. Úroveň transparentnosti obcí v Českej republike. Zákonné a dobrovoľné zverejnenie informácií na webových stránkach náhodne vybranej skupiny obcí.

Guardado en:
Detalles Bibliográficos
Autor principal: Mohelská, Hana
Otros Autores: Sokolová, Marcela
Formato: Capítulo de libro
Lenguaje:inglés
Materias:
Etiquetas: Agregar Etiqueta
Sin Etiquetas, Sea el primero en etiquetar este registro!

MARC

LEADER 00000naa a2200000 4500
001 0242749
005 20220719115438.1
041 0 |a eng 
044 |a CZ 
245 1 0 |a Digital Transparency in the Public Sector – Case Study Czech Republic  |c Hana Mohelská, Marcela Sokolová 
520 |a Vyhodnotenie aktuálnej otvorenosti informácií obcí prostredníctvom štruktúrovanej metódy pozorovania prostredníctvom ich webových stránok. Úroveň transparentnosti obcí v Českej republike. Zákonné a dobrovoľné zverejnenie informácií na webových stránkach náhodne vybranej skupiny obcí. 
610 2 0 |a transparentnosť 
610 2 0 |a Česko 
610 2 0 |a obce 
610 2 0 |a sektor verejný 
610 2 0 |a informácie 
610 2 0 |a občania 
610 2 0 |a právo občianske 
100 1 |a Mohelská, Hana 
700 1 |a Sokolová, Marcela